000 00512nmm a2200169Ia 4500
008 251105s9999||||xx |||||||||||||||||und||
020 _a9789586487528
041 _aspa
100 _aJiménez Solano, Arco Ricardo
245 0 _aPolítica agraria y postración del campesinado en Colombia
264 _a[Bogotá, Colombia] :
_bEcoe Ediciones,
_c2012
300 _a328 páginas
490 _aCiencias humanas
650 _aSociology
856 _uhttps://public.digitaliapublishing.com/a/30019
942 _cCF
999 _c95367
_d95367